| 000 | 00556nam a22001937a 4500 | ||
|---|---|---|---|
| 999 |
_c2500 _d2500 |
||
| 003 | AR-CdUCM | ||
| 008 | 190304b ||||| |||| 00| 0 spa d | ||
| 040 |
_aMUNICIPALIDAD PROVINCIAL DEL CUSCO _cBIBLIOTECA MUNICIPAL DEL CUSCO |
||
| 082 |
_a869.33 / _bB71 |
||
| 100 |
_aBombal, María Luisa _98904 |
||
| 245 |
_aLa amortajada : _bnovela / |
||
| 260 |
_aSantiago de Chile : _bNascimiento, _c1962 |
||
| 300 |
_a140 páginas ; _c19 cm. |
||
| 650 |
_aNovela _95 |
||
| 650 |
_aFicción _9184 |
||
| 650 |
_aChile _91150 |
||
| 942 |
_2ddc _cLIBROS |
||
| 945 | _admma | ||